Information technology : India's tommorow / (Record no. 61767)

MARC details
000 -LEADER
fixed length control field 00660nam a22001817a 4500
005 - DATE AND TIME OF LATEST TRANSACTION
control field 20120201153613.0
008 - FIXED-LENGTH DATA ELEMENTS--GENERAL INFORMATION
fixed length control field 120201t xxu||||| |||| 00| 0 eng d
020 ## - INTERNATIONAL STANDARD BOOK NUMBER
International Standard Book Number 8170491193
Terms of availability 00.00
035 ## - SYSTEM CONTROL NUMBER
System control number B-24804
040 ## - CATALOGING SOURCE
Original cataloging agency DPL
Language of cataloging ENG
100 ## - MAIN ENTRY--PERSONAL NAME
Personal name Vittal, N.
9 (RLIN) 40549
245 ## - TITLE STATEMENT
Title Information technology : India's tommorow /
Statement of responsibility, etc by N. Vittal and S. Mahalingam
260 ## - PUBLICATION, DISTRIBUTION, ETC. (IMPRINT)
Place of publication, distribution, etc New Delhi
Name of publisher, distributor, etc Manas Publications
Date of publication, distribution, etc 2001
300 ## - PHYSICAL DESCRIPTION
Extent 416p.
Dimensions 20 cms.
700 ## - ADDED ENTRY--PERSONAL NAME
Personal name Mahalingam, S.
9 (RLIN) 40550
942 ## - ADDED ENTRY ELEMENTS (KOHA)
Source of classification or shelving scheme Dewey Decimal Classification
Item type English Books
Classification part 003.5
Call number suffix VIT
Holdings
Withdrawn status Lost status Source of classification or shelving scheme Damaged status Not for loan Collection code Home library Current library Shelving location Date acquired Cost, normal purchase price Total Checkouts Total Renewals Full call number Barcode Date last seen Cost, replacement price Koha item type Public note
    Dewey Decimal Classification     Non-fiction Sarojini Nagar Sarojini Nagar General Stacks 01/02/2012 0.00 1 1 003.5 VIT B-24804 04/02/2019 0.00 English Books Withdran List Prepared L.No.21/09

© Delhi Public Library
Hit Counter
free hit counter